La logique floue et ses applications /
Guardado en:
| Autor Principal: | |
|---|---|
| Formato: | Libro |
| Idioma: | French |
| Publicado: |
Paris :
Addison-Wesley France,
c1995.
|
| Series: | Vie artificielle
|
| Etiquetas: |
Agregar Etiqueta
Sin Etiquetas, Sea el primero en etiquetar este registro!
|
| LEADER | 00593nam a22001695a 4500 | ||
|---|---|---|---|
| 001 | MAT.inmabb003445 | ||
| 008 | 051122s1995####fr#a#####b####001#0#fre#d | ||
| 005 | 20160520173447.0 | ||
| 245 | 1 | 3 | |a La logique floue et ses applications / |c Bernadette Bouchon-Meunier ; préface du Professeur Lofti A. Zadeh. |
| 260 | |a Paris : |b Addison-Wesley France, |c c1995. | ||
| 300 | |a xii, 257 p. : |b il. ; |c 24 cm. | ||
| 440 | 0 | |a Vie artificielle | |
| 504 | |a Bibliografía: p. [239]-254. | ||
| 020 | |a 2879080738 | ||
| 100 | 1 | |a Bouchon-Meunier, Bernadette. | |
| 084 | |a 03B52 |2 msc2000 | ||
| 859 | |h 03 |i B755 |p A-7394 |b BIB. MATEMATICA | ||
